000 00588nam a2200241Ia 4500
003 OSt
005 20220924144511.0
006 a|||||r|||| 00| 0
007 ta
008 220923b |||||||| |||| 00| 0 urd d
020 _c25.00
024 _a315112
037 _cTextual
040 _aARTS
_cARTS
_burd
041 _2urd
_aurd
082 _aO168,1M64x, G6
100 _aKhan Sabir Ali
_9217748
245 0 _aShakh-e-nibat
260 _c1936
650 _aURDU POETRY
942 _hO168,1M64x, G6
_cTEXL
_2CC
999 _c457264
_d457264